Juan Antonio Zunzunegui : (Record no. 195877)
[ view plain ]
| 000 -LEADER | |
|---|---|
| campo de control de longitud fija | 01435nam a2200373 i 4500 |
| 001 - NÚMERO DE CONTROL | |
| campo de control | 195877 |
| 003 - IDENTIFICADOR DE NÚMERO DE CONTROL | |
| campo de control | ES-MaACL |
| 005 - FECHA Y HORA DE LA ÚLTIMA TRANSACCIÓN | |
| campo de control | 20250903092901.0 |
| 008 - DATOS DE LONGITUD FIJA--INFORMACIÓN GENERAL | |
| campo de control de longitud fija | 240728s2003 sp c ||b 001 ||spa|d |
| 017 ## - NÚMERO DE COPYRIGHT O DE DEPÓSITO LEGAL | |
| Número de copyright o de depósito legal | M 49771-2003 |
| 020 ## - NÚMERO INTERNACIONAL ESTÁNDAR DEL LIBRO | |
| Número Internacional Estándar del Libro | 8488699662 |
| 024 ## - IDENTIFICADOR DE OTROS ESTÁNDARES | |
| Fuente del número o código | 180030147 |
| Información calificativa | NIPO |
| 035 ## - NÚMERO DE CONTROL DEL SISTEMA | |
| Número de control de sistema | Rebiun09426753 |
| 040 ## - FUENTE DE CATALOGACIÓN | |
| Lengua de catalogación | spa |
| Centro/agencia transcriptor | ES-MaACL |
| 110 2# - ENTRADA PRINCIPAL--NOMBRE DE ENTIDAD CORPORATIVA | |
| Nombre de entidad corporativa o nombre de jurisdicción como elemento de entrada | Biblioteca Nacional de España |
| 9 (RLIN) | 234950 |
| 245 10 - MENCIÓN DEL TÍTULO | |
| Título | Juan Antonio Zunzunegui : |
| Resto del título | inventario de su archivo personal / |
| Mención de responsabilidad, etc. | Biblioteca Nacional. |
| 260 ## - PUBLICACIÓN, DISTRIBUCIÓN, ETC. | |
| Lugar de publicación, distribución, etc. | Madrid : |
| Nombre del editor, distribuidor, etc. | Biblioteca Nacional, |
| Fecha de publicación, distribución, etc. | 2003. |
| 300 ## - DESCRIPCIÓN FÍSICA | |
| Extensión | 164 p. : |
| Otras características físicas | retrat ; |
| Dimensiones | 24 cm. |
| 336 ## - TIPO DE CONTENIDO | |
| Fuente | rdacontent |
| Término de tipo de contenido | texto |
| 337 ## - TIPO DE MEDIO | |
| Fuente | rdamedia |
| Nombre/término del tipo de medio | sin mediación |
| 338 ## - TIPO DE SOPORTE | |
| Fuente | rdacarrier |
| Nombre/término del tipo de soporte | volumen |
| 490 1# - MENCIÓN DE SERIE | |
| Mención de serie | Colecciones singulares de la Biblioteca Nacional |
| Designación de volumen o secuencia | 4 |
| 504 ## - NOTA DE BIBLIOGRAFÍA, ETC. | |
| Nota de bibliografía, etc. | Índex |
| 600 04 - PUNTO DE ACCESO ADICIONAL DE MATERIA--NOMBRE DE PERSONA | |
| 9 (RLIN) | 118511 |
| Nombre de persona | Zunzunegui, Juan Antonio de |
| 655 #0 - TERMINO DE INDIZACIÓN--GENERO/FORMA | |
| Datos o término principal de género/forma | Catálogos de bibliotecas |
| 9 (RLIN) | 193634 |
| 700 1# - ENTRADA AGREGADA--NOMBRE PERSONAL | |
| Nombre de persona | Rucio Zamorano, María José, |
| Fechas asociadas al nombre | 1966- |
| Término indicativo de función/relación | Editor literario |
| 9 (RLIN) | 233800 |
| 830 #0 - PUNTO DE ACCESO ADICIONAL DE SERIE-TÍTULO UNIFORME | |
| Título uniforme | Colecciones singulares de la Biblioteca Nacional |
| Designación de volumen o secuencia | 4 |
| 9 (RLIN) | 223745 |
| 852 ## - LOCALIZACIÓN | |
| Ubicación | ES-MaACL |
| Sublocalización o colección | R.153405 |
| Ubicación en estantería | Depósito J |
| Número de control de estantería | N-8992 |
| Donativo/Legado | Donación: Biblioteca Nacional de España |
| Encuadernación | Encuadernación rústica con solapas |
| itemnumber | 204860 |
| 914 ## - NOMBRE ENTIDAD DE DONANTE | |
| Nombre de congreso/reunión o jurisdicción como elemento de entrada | Biblioteca Nacional de España |
| Unidad subordinada | Donante |
| RLIN | 234950 |
| 942 ## - ELEMENTOS DE ENTRADA SECUNDARIOS (KOHA) | |
| Tipo de ítem Koha | Libro impreso |
| Suprimir en OPAC | No |
| Estatus retirado | Estado de pérdida | Fuente del sistema de clasificación o colocación | Estado de daño | No para préstamo | Biblioteca de origen | Biblioteca actual | Ubicación en estantería | Fecha de adquisición | Fuente de adquisición | Total de préstamos | Signatura topográfica completa | Código de barras | Visto por última vez | Precio de reemplazo | Tipo de ítem Koha |
|---|---|---|---|---|---|---|---|---|---|---|---|---|---|---|---|
| Clasificación decimal universal | Biblioteca del Ateneo de Madrid | Biblioteca del Ateneo de Madrid | Depósito J | 22/03/2025 | Donación | N-8992 | 101229708 | 22/03/2025 | 22/03/2025 | Libro impreso |
